Paesi che hanno ospitato la Formula 1 - Statistics

Statistiche generali
  • Questo quiz è stato fatto 65 volte
  • Il punteggio medio è 32 su 34
Statistiche sulle risposte
Area Geografica Paese % Corretto
America Latina Argentina
100%
Oceania Australia
100%
Nord America Canada
100%
Asia orientale Cina
100%
Asia orientale Giappone
100%
Europa Italia
100%
Europa Austria
98%
Europa Belgio
98%
America Latina Brasile
98%
Europa Francia
98%
EuroAsia Russia
98%
Nord America Stati Uniti
98%
Europa Germania
97%
Europa Spagna
97%
Asia occidentale Azerbaigian
95%
Europa Portogallo
95%
Africa Sudafrica
95%
Medioriente Arabia Saudita
93%
Medioriente Bahrein
93%
Centro America Messico
93%
Europa Regno Unito
93%
Europa Paesi Bassi
92%
Medioriente Qatar
92%
Asia meridionale India
90%
Nord Africa Marocco
90%
Europa Monaco
85%
EuroAsia Turchia
85%
Asia orientale Corea del Sud
83%
Sud-est asiatico Malaysia
83%
Sud-est asiatico Singapore
83%
Europa Svezia
83%
Europa Svizzera
83%
Europa Ungheria
83%
Medioriente Emirati Arabi Uniti
81%
Nessun quiz corrispondente trovato
Distribuzione punteggi
Percentuale di utenti per punteggio
Percentile per numero di risposta
I tuoi punteggi nel tempo
Non hai fatto questo quiz